000 01088nam a22003137a 4500
001 0011415
003 DO-SdBNP
005 20241209114211.0
007 0011415
008 160921b 2011 ur 00| 0 spa d
020 _a9789974795785
040 _aBPMSU
_bspa
_cBPMSU
082 4 _aR581.634
_bI91p 2011
_222
100 1 _aItzik, Alejandro Marcelo
245 1 _aRemedios milenarios :
_blas plantas que curan /
_credacción Alejandro Marcelo Itzik ; ilustraciones especiales Ana Favazza, Pablo Olivera.
246 1 4 _alas plantas curativas
_bSanan desde siempre : hierbas, plantas, semillas. raíses. alimentos
260 0 _aMontevideo, Uruguay :
_bArquetipo Grupo Editorial,
_c2011
300 _a360 p. :
_bil.,
_c28 cm.
590 _aInventariado, 2023/VM
650 4 _aPlantas medicinales
650 4 _aBotánica médica
650 4 _aMatéria médica vegetal
650 4 _aPlantas medicinales
_vDiccionarios
700 1 _aFavazza, Ana
_eilustraciones
700 1 _aOlivera, Pablo,
_eil.
710 2 _aLexus
910 _aVMateo V. Control de calidad BPMSU
942 _2ddc
_cBK
999 _c12378
_d12378